[Event "Mondiale Lampo FIDE 2022"]
[Site "Alma Ata"]
[Date "29.12.2022"]
[Round "5.21"]
[White "Petrosian, Tigran L."]
[Black "Tabatabaei, M. Amin"]
[Result "1-0"]
[WhiteTitle ""]
[BlackTitle ""]
[WhiteElo "2551"]
[BlackElo "2660"]
[WhiteFideId "13301616"]
[BlackFideId "12521213"]
[EventDate "29.12.2022"]

1. Nf3 d5 2. g3 Nc6 3. Bg2 e5 4. d3 Nf6 5. O-O Be7 6. c3 O-O 7. Qc2 a5 8. e4 Re8
9. Re1 Bf8 10. h3 h6 11. Nbd2 Be6 12. Nf1 a4 13. g4 Nd7 14. Ng3 g6 15. Be3 Kh7
16. exd5 Bxd5 17. Ng5+ hxg5 18. Bxd5 f6 19. d4 exd4 20. Bxd4 Rxe1+ 21. Rxe1 Nde5
22. Bxe5 Nxe5 23. Bxb7 Rb8 24. Rd1 Qe8 25. Bg2 Qb5 26. Rd2 Qc4 27. Bd5 Qc5 28.
Ne4 Qe7 29. Ng3 Kg7 30. Be4 Qc5 31. Rd5 Qc4 32. Rxe5 fxe5 33. Bxg6 Bc5 34. Bd3
Qf7 35. Nf5+ Kh8 36. Qe2 e4 37. Qxe4 Re8 38. Qc6 Bd6 39. Bc4 Re1+ 40. Kg2 Qe8
41. Qxe8+ Rxe8 42. b4 Be5 43. Nd4 Bxd4 44. cxd4 Re4 45. a3 Rxd4 46. Bb5 Kg7 47.
Kg3 Rd1 48. f3 Rg1+ 49. Kf2 Ra1 50. Bxa4 Rxa3 51. Bc6 Kf6 52. Kg3 Ra1 53. h4
gxh4+ 54. Kxh4 Rh1+ 55. Kg3 Rc1 56. b5 Rc3 57. Kh4 Rc1 58. f4 Rc4 59. Kg3 Rc3+
60. Kf2 Rb3 61. Ke2 Rg3 62. Bf3 Rh3 63. Kf2 Rh2+ 64. Ke3 Rb2 65. Be2 Rb4 66. Bd3
Ke6 67. g5 Ra4 68. Kf3 Ra3 69. Ke4 Ra4+ 70. Ke3 Rb4 71. Kf3 Rb3 72. Ke4 Rb4+ 73.
Ke3 Ra4 74. Bf1 Kf5 75. Bh3+ Kg6 76. Bd7 Rb4 77. Kf3 Rb1 78. Be8+ Kg7 79. Kg4
Rg1+ 80. Kf5 Re1 81. Bc6 Kf7 82. Bd5+ Kg7 83. Be4 Re2 84. Ke5 Kf7 85. f5 Rb2 86.
Bd5+ Kf8 87. f6 Ke8 88. g6 Re2+ 89. Kd4 Rd2+ 90. Kc4 Rc2+ 91. Kd3 Rc5 92. Ke4 1-0

[Event "Mondiale Lampo FIDE 2022"]
[Site "Alma Ata"]
[Date "29.12.2022"]
[Round "5.22"]
[White "Cheparinov, Ivan"]
[Black "Yoo, Christopher Woojin"]
[Result "1-0"]
[WhiteTitle ""]
[BlackTitle ""]
[WhiteElo "2688"]
[BlackElo "2575"]
[WhiteFideId "2905540"]
[BlackFideId "30909694"]
[EventDate "29.12.2022"]

1. d4 d5 2. c4 e6 3. Nf3 Nf6 4. g3 Be7 5. Bg2 O-O 6. O-O dxc4 7. Qa4 a6 8. Qxc4
b5 9. Qc2 Bb7 10. Bd2 Be4 11. Qc1 Nbd7 12. Ba5 Nb6 13. Nbd2 Bb7 14. Rd1 Rc8 15.
Ne5 Bxg2 16. Kxg2 Qd5+ 17. Ndf3 Nc4 18. Nxc4 bxc4 19. Bc3 Ne4 20. Qc2 g5 21. Kg1
g4 22. Nd2 Ng5 23. e4 Nh3+ 24. Kg2 Qh5 25. f4 gxf3+ 26. Nxf3 f5 27. exf5 Rxf5
28. Qe4 Rcf8 29. Rf1 Qg6 30. Rae1 Nf4+ 31. Kg1 Nh3+ 32. Kg2 Nf4+ 33. Kh1 Nd5 34.
Kg2 Kh8 35. Bd2 Rb8 36. Bc1 Bb4 37. Re2 Qf6 38. Qxe6 Qxe6 39. Rxe6 c3 40. Ne5
Rxf1 41. Kxf1 Ne3+ 42. Ke2 Nf5 43. Kd3 c2 44. Rc6 Rd8 45. Rc4 Rd5 46. Rxb4 c5
47. Rc4 Nxd4 48. Ke4 1-0

[Event "Mondiale Lampo FIDE 2022"]
[Site "Alma Ata"]
[Date "29.12.2022"]
[Round "5.24"]
[White "Andreikin, Dmitry"]
[Black "Anton Guijarro, David"]
[Result "1/2-1/2"]
[WhiteTitle ""]
[BlackTitle ""]
[WhiteElo "2729"]
[BlackElo "2675"]
[WhiteFideId "4158814"]
[BlackFideId "2285525"]
[EventDate "29.12.2022"]

1. Nf3 d5 2. g3 c5 3. Bg2 Nf6 4. O-O e6 5. d3 Nc6 6. a4 Be7 7. Bf4 h6 8. e4 O-O
9. e5 Nh7 10. Re1 b6 11. h4 Bb7 12. Nbd2 a6 13. Nf1 b5 14. N1h2 Re8 15. Ng4 Bf8
16. Qd2 Ne7 17. d4 Qc8 18. c3 Nf5 19. Ne3 Ne7 20. Bf1 c4 21. Be2 Bc6 22. Bd1
bxa4 23. Bc2 Ng6 24. Ng2 Qd7 25. Bb1 Be7 26. Qc2 Nhf8 27. Bc1 Rab8 28. h5 Nh8
29. Ne3 f5 30. exf6 Bxf6 31. Ng4 Qd8 32. Nfe5 Rb6 33. Nxc6 Rxc6 34. Rxa4 Nf7 35.
Ra2 Rb6 36. Bf4 Bg5 37. Bxg5 Qxg5 38. Ne5 Qxh5 39. Qa4 Nxe5 40. Rxe5 Qf7 41. Qa5
Reb8 42. Re2 Qf6 43. Qa4 Qg5 44. Qc2 Qg4 45. Kg2 R8b7 46. Qd2 Rf7 47. Qe3 Qg5
48. Qxg5 hxg5 49. Bc2 Rfb7 50. Ba4 Kf7 51. Kf1 Kf6 52. Ke1 Ng6 53. Kd1 e5 54.
Kc1 exd4 55. cxd4 Re7 56. Rxe7 Nxe7 57. Kd2 Nf5 58. Kc3 Nd6 59. Bc2 g4 60. Ra5
Ke6 61. Ra2 g5 62. Kd2 Nb5 63. Ke3 Ke7 64. Bd1 Re6+ 65. Kd2 Nxd4 66. Bxg4 Rf6
67. Kc3 Nb5+ 68. Kb4 Rxf2 69. Kc5 Nc7 70. Kc6 c3 71. Kxc7 Rxb2 72. Rxa6 c2 73.
Re6+ Kf7 74. Rc6 Rb3 75. Bh5+ Ke7 76. g4 Rb2 77. Bg6 Rb4 78. Bf5 Rc4 79. Bxc2
Rxg4 80. Bb3 d4 81. Re6+ Kf8 82. Kd6 Kg7 83. Ke5 Rf4 84. Bc2 Rf2 85. Be4 g4 86.
Rg6+ Kf7 87. Rxg4 Ke7 88. Rg7+ Rf7 89. Rg6 d3 90. Rg2 d2 91. Rxd2 Rg7 92. Ra2
Rg5+ 93. Bf5 Rg7 94. Ra6 Rf7 95. Bg6 Rg7 96. Kf5 Kf8 97. Ra8+ Ke7 98. Rb8 Kd6
99. Kf6 Rc7 100. Bf5 Kc5 101. Ke5 Re7+ 102. Be6 Rc7 103. Rb1 Rc6 104. Bd5 Rc7
105. Rb2 Re7+ 106. Be6 Rc7 107. Rd2 Rc6 108. Rd7 Kb4 109. Bd5 Rb6 110. Kd4 Rb5
111. Rh7 Rb6 112. Rh1 Rb5 113. Bc4 Rb6 114. Ra1 Rd6+ 115. Bd5 Rb6 116. Rc1 Rb5
117. Bc6 Rb6 118. Kd5 Ka5 119. Ra1+ Kb4 120. Ra2 1/2-1/2

[Event "Mondiale Lampo FIDE 2022"]
[Site "Alma Ata"]
[Date "29.12.2022"]
[Round "5.25"]
[White "Savchenko, Boris"]
[Black "Amin, Bassem"]
[Result "0-1"]
[WhiteTitle ""]
[BlackTitle ""]
[WhiteElo "2552"]
[BlackElo "2682"]
[WhiteFideId "4147332"]
[BlackFideId "10601457"]
[EventDate "29.12.2022"]

1. e4 e5 2. f4 exf4 3. Nf3 g5 4. d4 d6 5. Bc4 Bg7 6. h4 h6 7. Nc3 Nc6 8. Nd5 g4
9. Ng1 Nxd4 10. Bxf4 c6 11. Be3 Ne6 12. Nc3 Nf6 13. Nge2 Nxe4 14. Nxe4 d5 15.
N2c3 O-O 16. Nxd5 cxd5 17. Bxd5 Qa5+ 18. Qd2 Qxd2+ 19. Kxd2 Rd8 20. c4 Nc7 21.
Nc3 Be6 22. Rad1 Nxd5 23. cxd5 Bxd5 24. Nxd5 Rxd5+ 25. Kc2 Re5 26. Rd3 Rae8 27.
Bxa7 Re2+ 28. Rd2 Rxd2+ 29. Kxd2 Ra8 30. Bc5 Rxa2 31. Ke3 Rxb2 32. g3 h5 33. Ke4
Re2+ 34. Kf4 Kh7 35. Rb1 Kg6 36. Rb6+ f6 37. Bf8 Rf2+ 0-1

[Event "Mondiale Lampo FIDE 2022"]
[Site "Alma Ata"]
[Date "29.12.2022"]
[Round "5.26"]
[White "Chigaev, Maksim"]
[Black "Maghsoodloo, Parham"]
[Result "1/2-1/2"]
[WhiteTitle ""]
[BlackTitle ""]
[WhiteElo "2632"]
[BlackElo "2719"]
[WhiteFideId "4108116"]
[BlackFideId "12539929"]
[EventDate "29.12.2022"]

1. e4 c5 2. Nf3 Nc6 3. d4 cxd4 4. Nxd4 e5 5. Nb5 d6 6. c4 Be6 7. N1c3 a6 8. Na3
g6 9. Be2 Bg7 10. O-O Nf6 11. Nc2 Rc8 12. Bg5 h6 13. Be3 Na5 14. b3 b5 15. Qd2
bxc4 16. b4 Nb7 17. Rfd1 h5 18. h3 O-O 19. Rab1 d5 20. exd5 Bf5 21. Rbc1 Nd6 22.
Bc5 Re8 23. Ne3 Nfe4 24. Nxe4 Nxe4 25. Qc2 Nxc5 26. Nxf5 Nb7 27. Nxg7 Kxg7 28.
Bxc4 Nd6 29. Qe2 Nb7 30. Qc2 Nd6 31. Qe2 Qb6 32. Bxa6 Rxc1 33. Rxc1 Qxb4 34. Rc6
e4 35. Qe3 Re5 36. Qc5 Qxc5 37. Rxc5 e3 38. fxe3 Rxe3 39. Rc6 Ne4 40. a4 Re1+
41. Kh2 h4 42. g4 hxg3+ 43. Kg2 Rd1 44. Rc2 Rxd5 45. Bb7 Rd4 46. Bxe4 Rxe4 47.
Ra2 Re6 48. a5 Ra6 49. Kxg3 g5 50. Kf3 1/2-1/2

[Event "Mondiale Lampo FIDE 2022"]
[Site "Alma Ata"]
[Date "29.12.2022"]
[Round "5.27"]
[White "Vidit, Santosh Gujrathi"]
[Black "Vokhidov, Shamsiddin"]
[Result "1/2-1/2"]
[WhiteTitle ""]
[BlackTitle ""]
[WhiteElo "2730"]
[BlackElo "2579"]
[WhiteFideId "5029465"]
[BlackFideId "14204223"]
[EventDate "29.12.2022"]

1. d4 Nf6 2. c4 e6 3. Nf3 d5 4. g3 dxc4 5. Bg2 Nc6 6. Qa4 Bb4+ 7. Bd2 Nd5 8. Qc2
Nb6 9. e3 Bxd2+ 10. Qxd2 O-O 11. Na3 e5 12. Nxe5 Nxe5 13. dxe5 Qe7 14. Qc3 Rd8
15. O-O Rd3 16. Qa5 c6 17. Rad1 Be6 18. Nc2 Bd5 19. Nb4 Bxg2 20. Kxg2 Rdd8 21.
f4 Rxd1 22. Rxd1 Rd8 23. Rxd8+ Qxd8 24. Nc2 Qd3 25. Nd4 Qxe3 26. Qxa7 Nd7 27.
Qa8+ Nf8 28. Qd8 c5 29. Nb5 Qe2+ 30. Kh3 Qh5+ 31. Kg2 Qe2+ 32. Kh3 Qh5+ 33. Kg2
Qe2+ 1/2-1/2

[Event "Mondiale Lampo FIDE 2022"]
[Site "Alma Ata"]
[Date "29.12.2022"]
[Round "5.28"]
[White "Brunello, Sabino"]
[Black "Hovhannisyan, Robert"]
[Result "1/2-1/2"]
[WhiteTitle ""]
[BlackTitle ""]
[WhiteElo "2519"]
[BlackElo "2597"]
[WhiteFideId "813613"]
[BlackFideId "13302507"]
[EventDate "29.12.2022"]

1. d4 d5 2. c4 c6 3. Nf3 Nf6 4. Nbd2 Bf5 5. Nh4 Be4 6. Qb3 Qb6 7. c5 Qc7 8. e3
Nbd7 9. Nxe4 Nxe4 10. Bd3 e6 11. Nf3 Be7 12. Bxe4 dxe4 13. Nd2 Nf6 14. Qc2 e5
15. Nxe4 exd4 16. exd4 Nxe4 17. Qxe4 O-O 18. O-O Rfe8 19. Qf3 Rad8 20. Bf4 Qd7
21. Rfd1 Qd5 22. Qxd5 Rxd5 23. Rd2 g5 24. Be3 f5 25. g3 Kf7 26. Rad1 Red8 27. b4
b5 28. Kg2 Bf6 29. Kf3 h5 30. h3 a6 31. Rd3 R8d7 32. a4 h4 33. axb5 axb5 34.
gxh4 f4 35. Bc1 gxh4 36. Bxf4 Rxd4 37. Rxd4 Rxd4 38. Rxd4 Bxd4 39. Bd2 Kg6 40.
Ke2 Kf5 41. f3 Bf6 42. Kd3 Be7 43. Be3 Bf6 44. Bd2 Be7 45. Ke2 Bf6 46. Be1 Be7
47. Ke3 Bg5+ 48. Ke2 Bf6 49. Bd2 Be7 50. Be3 Ke5 1/2-1/2

[Event "Mondiale Lampo FIDE 2022"]
[Site "Alma Ata"]
[Date "29.12.2022"]
[Round "5.29"]
[White "Asadli, Vugar"]
[Black "Madaminov, Mukhiddin"]
[Result "0-1"]
[WhiteTitle ""]
[BlackTitle ""]
[WhiteElo "2567"]
[BlackElo "2438"]
[WhiteFideId "13405764"]
[BlackFideId "14210703"]
[EventDate "29.12.2022"]

1. e4 e5 2. Nf3 Nc6 3. d4 exd4 4. Bc4 Nf6 5. e5 d5 6. Bb5 Ne4 7. Nxd4 Bd7 8.
Bxc6 bxc6 9. O-O Bc5 10. f3 Ng5 11. Be3 O-O 12. f4 Ne4 13. Nc3 Nxc3 14. bxc3 f6
15. Qd2 fxe5 16. fxe5 Qe7 17. Nb3 Bb6 18. Bd4 c5 19. Bf2 Bc6 20. Bg3 a5 21. Rae1
a4 22. Nc1 d4 23. Qe2 Bd5 24. Rxf8+ Rxf8 25. Qb5 Qe8 26. Qa6 Qg6 27. Nd3 c4 28.
Nb4 d3+ 29. Kh1 Qe4 0-1

[Event "Mondiale Lampo FIDE 2022"]
[Site "Alma Ata"]
[Date "29.12.2022"]
[Round "5.31"]
[White "Vakhidov, Jakhongir"]
[Black "Matlakov, Maxim"]
[Result "0-1"]
[WhiteTitle ""]
[BlackTitle ""]
[WhiteElo "2607"]
[BlackElo "2662"]
[WhiteFideId "14201801"]
[BlackFideId "4168003"]
[EventDate "29.12.2022"]

1. c4 e6 2. Nc3 d5 3. d4 Nf6 4. cxd5 exd5 5. Bg5 c6 6. e3 h6 7. Bh4 Be7 8. Bd3
O-O 9. Nge2 Re8 10. O-O Nbd7 11. a4 Nh5 12. Bxe7 Qxe7 13. a5 a6 14. Na4 g6 15.
Nc1 Rb8 16. Nb3 Ndf6 17. Nbc5 Qd6 18. h3 Nh7 19. Qd2 N5f6 20. f4 Nh5 21. g4 Ng3
22. Rfe1 Nf6 23. Nc3 h5 24. Qg2 h4 25. Qf3 Nd7 26. b4 Nf6 27. Rad1 Kg7 28. Bb1
b6 29. axb6 Rxb6 30. g5 Nfe4 31. Bxe4 dxe4 32. N5xe4 Nxe4 33. Nxe4 Qd5 34. Nd2
Rxb4 35. Rc1 Rb2 36. Qxd5 cxd5 37. Nf3 Bxh3 38. Ne5 Reb8 39. Rc7 Be6 40. Rec1 h3
41. Kh1 Re2 42. f5 Rbb2 0-1

[Event "Mondiale Lampo FIDE 2022"]
[Site "Alma Ata"]
[Date "29.12.2022"]
[Round "5.32"]
[White "Nepomniachtchi, Ian"]
[Black "Narayanan, S.L."]
[Result "0-1"]
[WhiteTitle ""]
[BlackTitle ""]
[WhiteElo "2793"]
[BlackElo "2669"]
[WhiteFideId "4168119"]
[BlackFideId "5058422"]
[EventDate "29.12.2022"]

1. e4 e5 2. Nf3 Nc6 3. Bb5 a6 4. Ba4 Nf6 5. O-O Be7 6. Qe2 b5 7. Bb3 O-O 8. a4
b4 9. a5 Bb7 10. d3 h6 11. Be3 d5 12. exd5 Nxd5 13. Nbd2 Re8 14. Ne4 Kh8 15.
Rfe1 Bf8 16. Qd2 f5 17. Nc5 Bxc5 18. Bxc5 Re6 19. Re2 Qd7 20. Rae1 Rae8 21. Ba4
Nf4 22. Rxe5 Nxe5 23. Nxe5 Qd5 24. f3 Rxe5 25. Bxe8 Rxe1+ 26. Qxe1 Qxc5+ 27. d4
Qxc2 28. Qf1 Bc6 29. Bxc6 Qxc6 30. g3 Ne6 31. Qd3 Qd6 32. Qxf5 Nxd4 33. Qe4 c5
34. Qe8+ Kh7 35. Qe4+ Qg6 36. Qd5 b3 37. g4 Qd3 38. Kf2 c4 0-1

[Event "Mondiale Lampo FIDE 2022"]
[Site "Alma Ata"]
[Date "29.12.2022"]
[Round "5.33"]
[White "Sarana, Alexey"]
[Black "Sargissian, Gabriel"]
[Result "0-1"]
[WhiteTitle ""]
[BlackTitle ""]
[WhiteElo "2668"]
[BlackElo "2699"]
[WhiteFideId "24133795"]
[BlackFideId "13300881"]
[EventDate "29.12.2022"]

1. d4 d5 2. c4 e6 3. Nc3 Nf6 4. cxd5 exd5 5. Bf4 Bd6 6. Bxd6 Qxd6 7. e3 Bf5 8.
Qf3 Bg4 9. Qg3 Qxg3 10. hxg3 h5 11. f3 Be6 12. g4 Ke7 13. g5 Ne8 14. Nge2 g6 15.
Nf4 c6 16. g4 Ng7 17. Bd3 Nd7 18. gxh5 gxh5 19. Kf2 Rag8 20. Rag1 Nf8 21. Nce2
Bc8 22. Rh4 Nge6 23. Nxe6 Nxe6 24. f4 c5 25. Rgh1 cxd4 26. exd4 Ng7 27. Ng3 Bg4
28. f5 f6 29. g6 Rc8 30. Ke3 Rhe8 31. Kf4 Kf8 32. a3 a6 33. R4h2 Rc6 34. Rh4
Rcc8 35. R4h2 Rc6 36. Rg1 Rec8 37. Rf2 Rc1 38. Rff1 R1c6 39. Re1 a5 40. Re3 Rb6
41. Rb1 Rb3 42. Nf1 Re8 43. Rbe1 Rxd3 44. Rxe8+ Nxe8 45. Ne3 Rxd4+ 46. Kg3 Nd6
47. Rc1 Nxf5+ 48. Nxf5 Bxf5 49. Rc7 Rg4+ 0-1

[Event "Mondiale Lampo FIDE 2022"]
[Site "Alma Ata"]
[Date "29.12.2022"]
[Round "5.34"]
[White "Svane, Rasmus"]
[Black "Saraci, Nderim"]
[Result "1/2-1/2"]
[WhiteTitle ""]
[BlackTitle ""]
[WhiteElo "2622"]
[BlackElo "2468"]
[WhiteFideId "4657101"]
[BlackFideId "6351921"]
[EventDate "29.12.2022"]

1. Nf3 d5 2. g3 Nf6 3. Bg2 g6 4. c4 c6 5. Qb3 Bg7 6. d4 O-O 7. Nc3 dxc4 8. Qxc4
Be6 9. Qd3 Na6 10. O-O Nb4 11. Qd1 a5 12. e4 Bc4 13. e5 Nfd5 14. Re1 Nd3 15. Re4
Nxc1 16. Qxc1 Nxc3 17. bxc3 Rc8 18. Qb2 Bd5 19. Ree1 c5 20. Rad1 Qc7 21. Ng5
Bxg2 22. Kxg2 cxd4 23. cxd4 Rfd8 24. Qb3 e6 25. Ne4 Qc4 26. Nd6 Qxb3 27. axb3
Rc7 28. Rc1 Rcd7 29. Rc5 Bf8 30. Rxa5 Bxd6 31. exd6 Rxd6 32. Rb5 R8d7 33. Rc1
Rxd4 34. Rc8+ Kg7 35. Rb8 R7d5 36. R8xb7 Rxb5 1/2-1/2

[Event "Mondiale Lampo FIDE 2022"]
[Site "Alma Ata"]
[Date "29.12.2022"]
[Round "5.35"]
[White "Sychev, Klementy"]
[Black "Kobalia, Mikhail"]
[Result "1-0"]
[WhiteTitle ""]
[BlackTitle ""]
[WhiteElo "2556"]
[BlackElo "2577"]
[WhiteFideId "4114060"]
[BlackFideId "4119150"]
[EventDate "29.12.2022"]

1. e4 e5 2. Nf3 Nc6 3. Bb5 a6 4. Ba4 Nf6 5. O-O b5 6. Bb3 Bc5 7. a4 Rb8 8. c3 d6
9. d4 Bb6 10. Qd3 O-O 11. Bg5 exd4 12. axb5 axb5 13. cxd4 h6 14. Bh4 g5 15. Bg3
Nh5 16. Nc3 Nxg3 17. fxg3 Ne5 18. Qd2 Be6 19. Nd5 Bxd5 20. Bxd5 c6 21. Bb3 Qf6
22. Rad1 Rbe8 23. Nh4 Qh8 24. Nf5 Nc4 25. Bxc4 bxc4 26. Nxd6 Rd8 27. e5 Qxe5 28.
Nf5 Qh8 29. Ne7+ Kg7 30. Qf2 f5 31. Nxf5+ Kh7 32. Qc2 Rd7 33. Ne7+ 1-0

[Event "Mondiale Lampo FIDE 2022"]
[Site "Alma Ata"]
[Date "29.12.2022"]
[Round "5.36"]
[White "Gareyev, Timur"]
[Black "Sindarov, Javokhir"]
[Result "1-0"]
[WhiteTitle ""]
[BlackTitle ""]
[WhiteElo "2602"]
[BlackElo "2654"]
[WhiteFideId "14200937"]
[BlackFideId "14205483"]
[EventDate "29.12.2022"]

1. c4 g6 2. Nc3 Bg7 3. d4 Nf6 4. e4 d6 5. Be2 c5 6. d5 O-O 7. Nf3 e6 8. O-O exd5
9. exd5 Bg4 10. h3 Bxf3 11. Bxf3 Nbd7 12. g3 a6 13. a4 Re8 14. Kg2 Re7 15. Bd2
Qc7 16. Qc2 Rae8 17. Rfe1 Qd8 18. Rxe7 Rxe7 19. a5 Ne8 20. Be2 f5 21. g4 Rf7 22.
Re1 Bd4 23. Nd1 f4 24. Bf3 Ne5 25. Re4 Nxf3 26. Kxf3 Nf6 27. Rxf4 Be5 28. Kg2
Bxf4 29. Bxf4 Nxd5 30. Bg3 Nf4+ 31. Kh2 d5 32. cxd5 Qxd5 33. Ne3 Qd4 34. Qb3 Nd3
35. Qe6 Qf6 36. Qe8+ Rf8 37. Qe4 Nxf2 38. Qd5+ Qf7 39. Qe5 Nd3 40. Qe4 Qb3 41.
Bd6 Qxb2+ 42. Ng2 Qd4 43. Qe6+ Rf7 44. Bg3 c4 45. Bd6 c3 46. Qc8+ Kg7 47. Bg3 h6
48. Nh4 Rf2+ 49. Bxf2 Qxf2+ 1-0

[Event "Mondiale Lampo FIDE 2022"]
[Site "Alma Ata"]
[Date "29.12.2022"]
[Round "5.37"]
[White "Salem, A.R. Saleh"]
[Black "Hambleton, Aman"]
[Result "1-0"]
[WhiteTitle ""]
[BlackTitle ""]
[WhiteElo "2677"]
[BlackElo "2437"]
[WhiteFideId "9301348"]
[BlackFideId "2606577"]
[EventDate "29.12.2022"]

1. d4 Nf6 2. c4 e6 3. Nc3 Bb4 4. a3 Bxc3+ 5. bxc3 c5 6. f3 d6 7. e4 Nc6 8. Be3
b6 9. Bd3 e5 10. Ne2 O-O 11. d5 Na5 12. Ng3 Ba6 13. Qe2 Ne8 14. h4 h6 15. Nf5
Bc8 16. g4 f6 17. Kf2 Bxf5 18. gxf5 Rf7 19. Rhg1 Kf8 20. f4 Qd7 21. a4 Rb8 22.
Rg2 Ke7 23. Bc2 Kd8 24. Rb1 Re7 25. Kg1 Kc7 26. Kh2 Qc8 27. Rb5 Qd7 28. Rg1 Rb7
29. Qd3 Kb8 30. Bd1 Qd8 31. Rb2 Qd7 32. Rbg2 Rc7 33. Bc1 Qd8 34. Rb2 Ka8 35. Rb5
Rb7 36. Bh5 Nc7 37. Rb2 Ne8 38. Rbg2 Rbd7 39. Qb1 Kb7 40. Qb5 a6 41. Qb1 Nxc4
42. Be2 Na5 43. Qd3 Qa8 44. Bh5 Qd8 45. Rb2 Ka7 46. Be3 exf4 1-0

[Event "Mondiale Lampo FIDE 2022"]
[Site "Alma Ata"]
[Date "29.12.2022"]
[Round "5.38"]
[White "Paravyan, David"]
[Black "Niemann, Hans Moke"]
[Result "1-0"]
[WhiteTitle ""]
[BlackTitle ""]
[WhiteElo "2586"]
[BlackElo "2698"]
[WhiteFideId "4194985"]
[BlackFideId "2093596"]
[EventDate "29.12.2022"]

1. e4 c5 2. Nf3 Nc6 3. Nc3 d6 4. d4 cxd4 5. Nxd4 Nf6 6. Bg5 e6 7. Qd3 Bd7 8.
Ndb5 Nb4 9. Qd1 Qb8 10. a3 Nc6 11. Be2 a6 12. Bxf6 gxf6 13. Nd4 Qa7 14. Nxc6
Bxc6 15. O-O Rg8 16. Kh1 f5 17. Bf3 fxe4 18. Nxe4 O-O-O 19. Ng3 d5 20. c4 dxc4
21. Qe2 Bd5 22. Nh5 Qc5 23. Rfd1 Be7 24. Rac1 Bg5 25. Rc2 Kb8 26. Ng3 Bxf3 27.
Rxd8+ Rxd8 28. gxf3 b5 29. b3 Qxa3 30. bxc4 Qd3 31. Qe5+ Kb7 32. Rc3 Qd1+ 33.
Kg2 f6 34. Qe4+ Kb8 35. cxb5 Qd5 36. bxa6 Ka7 37. Rc6 f5 38. Qxe6 Qxe6 39. Rxe6
f4 40. Ne4 h6 41. Kh3 Rg8 42. Rc6 Bd8 43. Rxh6 Bb6 44. Nd6 Bxf2 45. Nb5+ Kb8 46.
Rh7 Rg6 47. a7+ Bxa7 48. Nxa7 1-0

[Event "Mondiale Lampo FIDE 2022"]
[Site "Alma Ata"]
[Date "29.12.2022"]
[Round "5.39"]
[White "Andriasian, Zaven"]
[Black "Makhnev, Denis"]
[Result "1-0"]
[WhiteTitle ""]
[BlackTitle ""]
[WhiteElo "2580"]
[BlackElo "2481"]
[WhiteFideId "13302000"]
[BlackFideId "13707647"]
[EventDate "29.12.2022"]

1. e4 e5 2. Nf3 Nc6 3. Bc4 Bc5 4. c3 Nf6 5. d3 a5 6. Nbd2 d6 7. h3 h6 8. Bb3 Ba7
9. Nf1 Ne7 10. Ng3 Ng6 11. O-O O-O 12. d4 c6 13. Re1 Re8 14. Be3 Qc7 15. Qd2 Kh7
16. Rad1 Be6 17. Bc2 Rad8 18. Qc1 Bb6 19. a3 Bc8 20. Nf5 Bxf5 21. exf5 Nf8 22.
dxe5 Bxe3 23. Rxe3 dxe5 24. Rxd8 Qxd8 25. Nxe5 Qc7 26. Qe1 Kg8 27. Bb3 Nd5 28.
f6 gxf6 29. Ng4 Rxe3 30. fxe3 h5 31. Nh6+ Kh7 32. Nf5 Qe5 33. Bc2 Ng6 34. Qe2 h4
35. Qh5+ Kg8 36. Qh6 1-0

[Event "Mondiale Lampo FIDE 2022"]
[Site "Alma Ata"]
[Date "29.12.2022"]
[Round "5.40"]
[White "Ponkratov, Pavel"]
[Black "Esipenko, Andrey"]
[Result "1/2-1/2"]
[WhiteTitle ""]
[BlackTitle ""]
[WhiteElo "2577"]
[BlackElo "2678"]
[WhiteFideId "4157800"]
[BlackFideId "24175439"]
[EventDate "29.12.2022"]

1. c4 e5 2. g3 c6 3. d4 e4 4. d5 Bb4+ 5. Bd2 Qe7 6. Nc3 Nf6 7. Bg2 O-O 8. a3
Bxc3 9. Bxc3 cxd5 10. cxd5 d6 11. Nh3 Nbd7 12. O-O Ne5 13. f3 Nc4 14. Qd4 exf3
15. Rxf3 Ne5 16. Rff1 b6 17. Nf4 Bd7 18. h3 Rac8 19. Nd3 Rfe8 20. Nxe5 dxe5 21.
Qe3 Qd6 22. Rad1 a5 23. g4 Rc4 24. Rf2 Rf4 25. Rxf4 exf4 26. Qd3 Re3 27. Qd2 Ne4
28. Bxe4 Rxe4 29. Rf1 h5 30. Qd3 Re3 31. Qd4 f6 32. Qxf4 Qxf4 33. Rxf4 Rxh3 34.
gxh5 Rxh5 35. e4 Rh3 36. Kg2 Rd3 37. Rf2 Kf7 38. Rd2 Re3 39. Rd4 g5 40. Kf2 Rh3
41. Rd1 g4 42. Kg2 Re3 43. Rf1 Rf3 44. Rxf3 gxf3+ 45. Kxf3 a4 46. Kf4 b5 47. Bb4
Bh3 48. e5 fxe5+ 49. Kxe5 Ke8 50. Kd6 Bg2 51. Kc6 Kd8 52. Ba5+ Kc8 53. Kxb5 Bxd5
54. Kxa4 Kb7 55. Kb5 Bc6+ 56. Kc5 Ba4 57. Be1 Ka6 58. Kc4 Bd1 59. b3 Bxb3+ 1/2-1/2

[Event "Mondiale Lampo FIDE 2022"]
[Site "Alma Ata"]
[Date "29.12.2022"]
[Round "5.41"]
[White "Gelfand, Boris"]
[Black "Fedorov, Alexei"]
[Result "1/2-1/2"]
[WhiteTitle ""]
[BlackTitle ""]
[WhiteElo "2667"]
[BlackElo "2475"]
[WhiteFideId "2805677"]
[BlackFideId "13500465"]
[EventDate "29.12.2022"]

1. d4 c5 2. d5 d6 3. e4 Nf6 4. Nc3 g6 5. Bb5+ Bd7 6. a4 Bg7 7. Nf3 O-O 8. O-O
Bxb5 9. axb5 Nbd7 10. h3 Ne8 11. Bf4 Nc7 12. Re1 Nb6 13. Qd3 Qd7 14. e5 f6 15.
e6 Qe8 16. h4 h6 17. Nh2 g5 18. Bd2 Qh5 19. Nf1 f5 20. Ne3 f4 21. Nf5 Rxf5 22.
Qxf5 Rf8 23. Qd3 f3 24. Re4 fxg2 25. Qg3 Bd4 26. Be3 Bxe3 27. fxe3 Rf1+ 28. Rxf1
gxf1=Q+ 29. Kxf1 Nbxd5 30. Nxd5 Nxd5 31. Ke1 Qg6 32. Qg2 Nb4 33. hxg5 d5 34.
Rxb4 cxb4 35. Qxd5 Qxg5 36. Qd8+ Kg7 37. Qd4+ Kg6 38. Ke2 Qf5 1/2-1/2

[Event "Mondiale Lampo FIDE 2022"]
[Site "Alma Ata"]
[Date "29.12.2022"]
[Round "5.42"]
[White "Nguyen, Thai Dai Van"]
[Black "Tari, Aryan"]
[Result "0-1"]
[WhiteTitle ""]
[BlackTitle ""]
[WhiteElo "2656"]
[BlackElo "2659"]
[WhiteFideId "358878"]
[BlackFideId "1510045"]
[EventDate "29.12.2022"]

1. Nf3 Nf6 2. c4 c5 3. Nc3 e6 4. g3 d5 5. cxd5 exd5 6. d4 Nc6 7. Bg2 cxd4 8.
Nxd4 Bc5 9. Nb3 Bb6 10. Nxd5 Be6 11. e4 Bg4 12. Qc2 Nxd5 13. exd5 O-O 14. O-O
Ne5 15. Qe4 Re8 16. Qf4 Be2 17. Bd2 Nd3 18. Qf5 g6 19. Qh3 Bxf1 20. Rxf1 Nxf2
21. Rxf2 Re2 22. Ba5 Rxf2 0-1